000 00487nab a2200145Ia 4500
003 ES-SlBCS
005 20210601124318.0
008 140529s1988 xxu||||| |||| 00| 0 eng d
041 _aeng
100 1 _aKimball, Bruce A.
_9139503
245 0 4 _aThe Problem of Teachers: Authority in Light of the Structural Analysis of Professions
_c Bruce A. Kimball
650 0 4 _aProfesores-Autoridad
_9139577
773 0 _tEducational Theory
_gvol. 38, nº. 1, 1988, págs. 1-10
_wRev1399
942 _cAR
999 _c512744
_d512744